000 01143nam a2200289 4500
001 0000017120
003 CO-CtgCURN
005 20250329191014.0
007 ta
008 160627s1994 000 0 eng d
020 _a8471145170
040 _aCO-CtgCURN
_bspa
_ccoctgcurn
082 0 _a658.56
_bP49g
100 1 _aRivera Vilas, Luis Miguel.
245 1 0 _aGestion de la calidad agroalimentaria /
_cLuis Miguel Rivera Vilas.
260 _aMadrid :
_bEdiciones Mundi Prensa,
_c1994.
300 _a139 p.
336 _2rdacontent
337 _2rdamedia
_asin mediacion
_bn
338 _2rdacarrier
_avolumen
_bnc
500 _aIncluye indice.
505 8 _aCalidad agroalimentaria.--Empresa agroalimentacion.--Control de calidad agroalimentaria.--Normas de calidad alimentaria.--Diagnostico de la actitud actual de la empresa hacia la calidad total.--El futuro de la calidad agroalimentaria.--Las normas de la calidad alimentaria en la empresa agroalimentaria
650 1 4 _aAlimentos
_vNormas.
908 _a160627
942 _cBK
_h658.56
_iP49g
_2ddc
999 _c10888
_d10888